000
00324nam a2200109Ia 4500
008
171211s9999 xx 000 0 und d
245
_a
Männlichkeit leben: Die Stärkung des Maskulinen
245
_c
Björn Thorsten Leimbach
260
_c
2016
650
_x
Sexuality
856
_u
http://down.ebook777.com/065/0794603963.pdf
999
_c
350800
_d
350800